15 Seconds: 15 Numbers Quiz Stats

 Plays Quiz Updated Oct 30, 2018

Score 0/15 Timer 00:15
17 Plays Today
Numbers (in Words) % Correct
One
98%
Two
96%
Three
94.2%
Four
94.1%
Five
90.8%
Six
89%
Seven
85.8%
Eight
81.5%
Numbers (in Words) % Correct
Nine
77.9%
Ten
75.5%
Eleven
66%
Twelve
53.9%
Thirteen
38.6%
Fourteen
26.3%
Fifteen
17.6%

You're not logged in!

Compare scores with friends on all Sporcle quizzes.
OR
Log In

Sporcle TV

Today on Sporcle TV


Watch our educational content, quiz creation guides, and fun videos on Sporcle TV.

Show Comments

Extras

Top Quizzes Today


Score Distribution

Your Account Isn't Verified!

In order to create a playlist on Sporcle, you need to verify the email address you used during registration. Go to your Sporcle Settings to finish the process.

Report this User

Report this user for behavior that violates our Community Guidelines.

Details: